|
|
|
|
| LEADER |
01127nam a2200289 a 4500 |
| 001 |
c000173910 |
| 003 |
CARM |
| 005 |
20041006154200.0 |
| 008 |
730806s1973 xraab j b 001 0 eng d |
| 019 |
1 |
|
|a 1631441
|5 LACONCORD2021
|
| 020 |
|
|
|a 0851794971 :
|c $5.95 Aust.
|
| 035 |
|
|
|a (OCoLC)27583462
|5 LACONCORD2021
|
| 040 |
|
|
|a ANB
|b eng
|c ANB
|d SFED:AD
|
| 042 |
|
|
|a anuc
|
| 082 |
0 |
4 |
|a 530/.076
|
| 245 |
0 |
0 |
|a Physics :
|b a laboratory-oriented approach.
|n Part 1 /
|c A.D. Ingram ... [et al.].
|
| 260 |
|
|
|a Adelaide :
|b Rigby,
|c 1973.
|
| 300 |
|
|
|a 276 p. :
|b ill., graphs, maps, tables ;
|c 21x26 cm.
|
| 500 |
|
|
|a Physics. Experiments. Laboratory manuals. Secondary school texts (ANB/PRECIS SIN 600126900)
|
| 500 |
|
|
|a Cover has subtitle: Study guide - Part 1.
|
| 500 |
|
|
|a Index.
|
| 504 |
|
|
|a Includes bibliographies.
|
| 650 |
|
0 |
|a Physics
|v Laboratory manuals.
|
| 700 |
1 |
|
|a Ingram, A. D.
|
| 852 |
8 |
|
|b CARM
|h A3:AE30E0
|i D07236
|p 0244232
|f BK
|
| 999 |
f |
f |
|i b44af94d-2cdb-52ae-9e77-cc7b641be193
|s 56a195e7-8bf3-5440-99be-658377511456
|
| 952 |
f |
f |
|p Can circulate
|a CAVAL
|b CAVAL
|c CAVAL
|d CARM 1 Store
|e D07236
|f A3:AE30E0
|h Other scheme
|i book
|m 0244232
|